000 00333nam a22001337a 4500
008 170619b xxu||||| |||| 00| 0 eng d
020 _a9780070194151
041 _aeng
080 _a32
100 _a20
101 _aSHP
245 _aFOREST RESOURCES POLICY PROCESS PARTICIPANTS AND PROGRAM
_cELLEFSON.P.V
942 _2udc
_cBK
999 _c17990
_d17990